| 000 | 01427nam a22003617a 4500 | ||
|---|---|---|---|
| 003 | OSt | ||
| 005 | 20240305122324.0 | ||
| 007 | ta | ||
| 008 | 201216e2019 dr a|||eri||| 001 pdspa d | ||
| 020 | _a0789945806694 | ||
| 040 |
_aDO-SdBNP _bspa _cBNPHU |
||
| 041 | _hspa | ||
| 082 |
_aBNPHU- xxx _bA174 a |
||
| 100 |
_aAcevedo , Domingo . _924357 |
||
| 245 |
_aAntología del asombro / _cAlfonso Torres Ulloa , prólogo ;Wilfredo Velásquez Gómez , dibujos ; Lorenzo García y Delfin Tavárez , diagramación . |
||
| 260 |
_aSanto Domingo : _bPernart Gráficos , _c2019 |
||
| 300 |
_a123 pg. _bil. ; _c21 cm |
||
| 505 | 0 | _aPrólogo.- | |
| 505 | 0 | _aAgradecimiento.- | |
| 505 | 0 |
_aCapítulo I : _tDerrota ancestral.- |
|
| 505 | 0 |
_aCapítulo II : _tUn siglo de ausencia |
|
| 505 | 0 |
_aCapítulo III : _tHijos póstumos del Roció.- |
|
| 505 | 0 |
_aCapítulo IV : _tEl sonido lapidario de la sangre.- |
|
| 505 | 0 |
_aCapítulo VI : _tMetamorfosis del asombro.- |
|
| 505 | 0 |
_aCapítulo VII _tPergaminos de lágrimas.- |
|
| 505 | 0 |
_aCapítulo VIII : _tLuna de papel.- (algunos intentos de haikus).- |
|
| 505 | 0 |
_aCapítulo XI : _tBajo el gran árbol de la noche. |
|
| 700 | 1 |
_aTorres Ulloa, Alfonso _eprólogo . _958620 |
|
| 700 |
_aVelásquez Gómez , Wilfredo , _edibujos . _977608 |
||
| 700 |
_aGarcía , Lorenzo , _ediagramación . _977609 |
||
| 700 |
_aDelfin Tavárez , _ediagramación . _977610 |
||
| 942 |
_2ddc _cLBS1 |
||
| 999 |
_c49287 _d49287 |
||